| 000 | 00532nam a2200193 i 4500 | ||
|---|---|---|---|
| 001 | bg | ||
| 100 | 1 | _aTYBOROWSKA, Kazimiera | |
| 245 | 0 |
_aProblemy współczesnej psychologii : _bwybrane zagadnienia / _cKazimiera Tyborowska. |
|
| 260 |
_aWarszawa : _bWiedza Powszechna, _c1964. |
||
| 300 |
_a388 s. : _bfot., rys. ; _c20 cm. |
||
| 490 | 1 | _aSygnały | |
| 650 | 9 |
_aPsychologia _xzagadnienia |
|
| 830 | _aSygnały | ||
| 040 | _cBPK | ||
| 041 | _apol | ||
| 080 | _a159.9 | ||
| 942 | _cKS | ||
| 008 | s pl f |000 0 pol | ||
| 999 |
_c6851 _d6851 |
||
| 856 |
_uhttp://koha.tu.koszalin.pl/cgi-bin/koha/opac-detail.pl?biblionumber=6851 _yKatalog online BPK |
||